LEADER 01632nlm 2200313 a 450 001 996454952603316 005 20220201110412.0 010 $a0-8223-3823-8 100 $a20060210d2006---- uy 0 101 0 $aeng 102 $aUS 135 $adrcnu 200 1 $a<> convict and the colonel$ea story of colonialism and resistance in the Caribbean$fRichard Price 210 1 $aDurham$cDuke University Press$d2006 215 $aTesto elettronico (PDF) (XV, 296 p.)$cill. 225 2 $aACLS Humanities E-Book 230 $aBase dati testuale 330 $aRichard Price attinge a etnografia, documenti d'archivio, giornali, vecchie lettere d'amore, cinema, teatro di strada, narrativa e poesia caraibica per esplorare le trasformazioni della Martinica nel XX secolo. Usando il massacro del giorno delle elezioni e la vita dell'artista Medard Aribot come emblemi della transizione della Martinica dal colonialismo alla modernità, Price mostra come il villaggio di pescatori che ha incontrato durante il suo primo viaggio nel Paese nel 1962 è stato trasformato da un'economia consumistica fortemente assistita. E come l'arte e la vita di Medard, un tempo simbolo sovversivo del sentimento anticoloniale, sono state messe a tacere dalla corsa contemporanea alla modernità. 410 0$aACLS Humanities E-Book 600 1$aAribot,$bMedard$2BNCF 607 $aMartinica$xStoria$zSec. 20.$2BNCF 676 $a972.982 700 1$aPRICE,$bRichard$0154128 801 1$bcba$aIT$bcba$gREICAT 912 $a996454952603316 959 $aEB 969 $aER 996 $aConvict and the colonel$92578677 997 $aUNISA LEADER 01616nam 2200409Ia 450 001 996389706203316 005 20210104171926.0 035 $a(CKB)4940000000096413 035 $a(EEBO)2240853607 035 $a(OCoLC)ocn879330520e 035 $a(OCoLC)879330520 035 $a(EXLCZ)994940000000096413 100 $a20140507d1697 uy 0 101 0 $aeng 135 $aurbn||||a|bb| 200 12$aA commission from His Grace James Duke of Ormonde, authorizing commissioners to set leases of his estate in Ireland, and make sale of his woods pursuant to the powers given him by the foregoing acts$b[electronic resource] 210 $a[London $cs.n.$d1697] 215 $a5 p 300 $aCaption title. 300 $aPlace and date of publication suggested by Wing (2nd ed., 1994). 300 $aReproduction of original in: Marsh's Library. 300 $aInitial. 300 $aSigned at end: Ormonde. 330 $aeebo-0088 606 $aEstates (Law)$zIreland$vEarly works to 1800 606 $aInheritance and succession$zIreland$vEarly works to 1800 606 $aDebt$zIreland$vEarly works to 1800 615 0$aEstates (Law) 615 0$aInheritance and succession 615 0$aDebt 700 $aOrmonde$b James Butler$cDuke of,$f1665-1745.$01016443 801 0$bUMI 801 1$bUMI 906 $aBOOK 912 $a996389706203316 996 $aA commission from His Grace James Duke of Ormonde, authorizing commissioners to set leases of his estate in Ireland, and make sale of his woods pursuant to the powers given him by the foregoing acts$92422147 997 $aUNISA